| 000 | 00592nam a22002057a 4500 | ||
|---|---|---|---|
| 003 | BUBTL | ||
| 008 | 230403b ||||| |||| 00| 0 eng d | ||
| 020 | _a9783250151012 | ||
| 082 | _a347.4201/H2757h/ 2016 | ||
| 100 |
_94226 _aHassan, Mehedi |
||
| 245 |
_aHandbook of Court Fees, Suit Valuation & Stamp Act : _bMehedi Hassan |
||
| 250 | _a1st edn. | ||
| 260 |
_aDhaka _bNational Law Book House _cc2016 |
||
| 300 |
_a389p. : _b22 cm. |
||
| 650 | 0 |
_926 _aLaw |
|
| 700 |
_aMehedi Hassan _95284 |
||
| 856 |
_k0 _l0 _yDownload |
||
| 942 |
_2ddc _cBK |
||
| 999 |
_c7016 _d7016 |
||